000
00387nam a2200133Ia 4500
008
100328s9999 xx 000 0 und d
082
_b
35077
100
_a
कुलकर्णी सुमती पंडित
245
_a
परिपाक-भाग-1
260
_b
---
630
_a
परिपाक-भाग-1
730
_a
परिपाक-भाग-1
942
_c
BOOK
999
_c
525077
_d
525074